| 000 | 00716nam a2200229 4500 | ||
|---|---|---|---|
| 999 |
_c9441 _d9441 |
||
| 001 | 9441 | ||
| 003 | BD-JhCC | ||
| 005 | 20180723193432.0 | ||
| 008 | 180314b2000 bg ||||| |||| 00| 0 ben d | ||
| 035 | _a(BD-JhCC) | ||
| 040 |
_aBD-JhCC _dBD-JhCC |
||
| 041 | _aben | ||
| 082 |
_a923 _bVAI 923 |
||
| 100 | _aভেইল, জন | ||
| 245 |
_aনেলসন ম্যান্ডেলা / _cজন ভেইল, মো: মশিউর রহমান (অনু.) |
||
| 260 |
_aঢাকা : _bহাক্কানী পাবলিশার্স _c2000. |
||
| 300 |
_a93 p. : _c22 cm. |
||
| 650 | _aBiography | ||
| 700 | _aরহমান, মো: মশিউর | ||
| 942 |
_2ddc _cBK |
||